000 00791cab a2200229 4500
001 ABS52530
008 090401t1995 xxu||||| |||| 00| 0 eng d
035 _a(Sirsi) u83482
041 _aeng
100 _aStepien, K.
245 _aEffect of lease termination on sub-tenancies (2)
260 _c1995
350 _a0
490 _aSolicitors` Journal
_v139(9) 10 March 1995, 222(1)
520 _aContinues Abs52294 with an examination of a sub-tenant`s legal position after premature determination of the tenant`s lease through causes such as surrender or merger, forfeiture, disclaimer and statutory intervention.
650 _aLEASES
650 _aPREMATURE DETERMINATION
650 _aSUB-TENANCY
690 _aLandlord and tenant
_96252
942 _n0
948 _c04/03/1997
999 _c52729
_d52729